Traditional Indian games / (Record no. 128735)

MARC details
000 -LEADER
fixed length control field 00735nam a22002417a 4500
003 - CONTROL NUMBER IDENTIFIER
control field 0
005 - DATE AND TIME OF LATEST TRANSACTION
control field 20180703155532.0
008 - FIXED-LENGTH DATA ELEMENTS--GENERAL INFORMATION
fixed length control field 0
010 ## - LIBRARY OF CONGRESS CONTROL NUMBER
LC control number A-947274
020 ## - INTERNATIONAL STANDARD BOOK NUMBER
Terms of availability 00.00
International Standard Book Number 8185989303
035 ## - SYSTEM CONTROL NUMBER
System control number A-947274, A-947284
037 ## - SOURCE OF ACQUISITION
Source of stock number/acquisition Cen Lib/Ret
040 ## - CATALOGING SOURCE
Original cataloging agency DPL
Language of cataloging EN
Transcribing agency 0
082 ## - DEWEY DECIMAL CLASSIFICATION NUMBER
Classification number 795.0954
Item number BAR
100 ## - MAIN ENTRY--PERSONAL NAME
Personal name Barooah, Pramila Pandit
9 (RLIN) 24258
245 ## - TITLE STATEMENT
Title Traditional Indian games /
Statement of responsibility, etc by Paramila Pandit Barooah
260 ## - PUBLICATION, DISTRIBUTION, ETC. (IMPRINT)
Name of publisher, distributor, etc Galgotia Publishing Company
Place of publication, distribution, etc New Delhi
Date of publication, distribution, etc 1998
270 ## - ADDRESS
Address 6A/4, WEA, Karol Bagh
City New Delhi
Postal code 110005
300 ## - PHYSICAL DESCRIPTION
Extent xv,176p. :
Dimensions 20cm(Hb)
Other physical details ill.
650 ## - SUBJECT ADDED ENTRY--TOPICAL TERM
Topical term or geographic name as entry element Indoor and Outdoor Indian games
9 (RLIN) 24259
650 ## - SUBJECT ADDED ENTRY--TOPICAL TERM
Topical term or geographic name as entry element Games -- Social aspects
9 (RLIN) 24260
942 ## - ADDED ENTRY ELEMENTS (KOHA)
Source of classification or shelving scheme Dewey Decimal Classification
Koha item type English Books
Classification part 795.0954
Call number suffix BAR
Holdings
Withdrawn status Lost status Damaged status Not for loan Home library Current library Date acquired Source of acquisition Cost, normal purchase price Total Checkouts Full call number Barcode Date last seen Copy number Cost, replacement price Price effective from Koha item type Public note Source of classification or shelving scheme Collection code
Written off       Central Library Central Library 03/07/2015 Cen Lib/Ret 0.00   795.0954 BAR A-947274 03/07/2015 1 0.00 03/07/2015 English Books W/d List No. 8129/25; dtd 18.2.2017    
        Patel Nagar Patel Nagar 03/07/2018 BPPD/Pub 0.00   795.0954 BAR A-947284 03/07/2018   0.00 03/07/2018 English Books   Dewey Decimal Classification Non-fiction

© Delhi Public Library
Hit Counter
free hit counter